00807cam a2200241 a 450000100100000000500170001000800410002702000150006804000290008308200180011210000230013024500840015326000470023730000330028449000430031750400320036065000160039265000240040865100430043265000240047570000230049983000430052200001320520260129101438.0820526s1982 ilua b 001 0 eng  a025602667X aDO-SdBNPbengcLCdBNPHU a352.63bR589b1 aRipley, Randall B.10aBureaucracy and policy implementation /cRandall B. Ripley y Grace A. Franklin. aHomewood, Illinois :bDorsey Press,c1982. axii, 226 p. :bil. ;c23 cm.1 aThe Dorsey Series in Political Science aBibliografía: p. 209-217. 0aBurocracia  4aFunción pública 4aEstados UnidosxPolítica Y Gobierno. 0aCiencia política 1 aFranklin, Grace A. 4aThe Dorsey Series in Political Science